| 000 | 00796nam a2200241 i 4500 | ||
|---|---|---|---|
| 001 | 184131 | ||
| 003 | ES-MaACL | ||
| 005 | 20250804052224.0 | ||
| 008 | 150324s1987 mx |||| | spa d | ||
| 020 | _a968-16-2412-2 | ||
| 080 | _a128 | ||
| 100 | 1 |
_aCarse, James P. _9156606 |
|
| 245 | 1 | 0 |
_aMuerte y existencia _b: una historia conceptual de la mortalidad humana / _cJames P. Carse ; [traducción de Rafael Vargas]. |
| 250 | _a[1ª ed. en español]. | ||
| 260 |
_aMéxico : _bFondo de Cultura Económica, _c1987. |
||
| 300 |
_a497 p. ; _c23 cm. |
||
| 490 | 1 | _aObras de historia | |
| 650 | 7 |
_aMuerte _2embne _915241 |
|
| 700 | 1 |
_aVargas, Rafael. _9156607 |
|
| 830 | 0 |
_aObras de historia _9186605 |
|
| 852 |
_aES-MaACL _jL-30101 _z.- Donat. Miguel A. Velasco |
||
| 999 |
_c184131 _d184131 |
||